000
00353pab a2200157 454500
008
180718b2004 xxu||||| |||| 00| 0 eng d
100
_a
Anand, Vinod K.
245
_a
Assessment and reflections
260
_c
2004
300
_a
p.25-27.
362
_a
7 Aug
650
_a
Budget - India
650
_a
Budget
773
_a
Mainstream
909
_a
61884
999
_c
61884
_d
61884